ห้องสมุด วิทยาลัยพยาบาลบรมราชชนนี อุดรธานี
Boromarajonani College of Nursing, Udonthani
เปลี่ยนเป็นภาษาไทย

Change to English
 แสดงรายละเอียดบรรณานุกรม
  กลับหน้าหลัก

Brief Record : Get Marc (ISO 2709) : E-mail record : QR code ปิดหน้าต่าง
หนังสืออ้างอิง : เกี่ยวกับ Collections
mysqli: Table './ulib2015/stat_globaluid' is marked as crashed and last (automatic?) repair failed
select id from stat_globaluid where statuid='20260418012148_4421' 
mysqli: Table './ulib2015/stat_globaluid' is marked as crashed and last (automatic?) repair failed
DELETE FROM stat_globaluid
			WHERE id NOT IN (
			  SELECT id
			  FROM (
				SELECT id
				FROM stat_globaluid
				ORDER BY id DESC
				LIMIT 100
			  ) foo
			); 
mysqli: Table './ulib2015/stat_globaluid' is marked as crashed and last (automatic?) repair failed
insert into stat_globaluid set
		statuid='20260418012148_4421',
		dt='1776450108',
		phpself='/ULIB/dublinfull.php',
		agent='Mozilla/5.0 AppleWebKit/537.36 (KHTML, like Gecko; compatible; ClaudeBot/1.0; +claudebot@anthropic.com)',
		yea='2026',
		mon='4',
		dat='18',
		ip='216.73.216.55'
		
		
LEADER 00566nam 2200193 a 4500
001    9465
003     ULIBM
008    090311s2540 th m a000 0 tha d
024    974-603-749-8
050  4 ^a HF^bส274ท 2540.
245 ^a ^a1111
250    ^a พิมพ์ครั้งที่ 2.
300    ^a 225 หน้า
650  7 ^a ทฤษฎีองค์การและการบริหาร:^bกระบวนการขององค์การ.
710 2  ^a สมยศ นาวีการ.
945    ^p0^l0^i10467
945    ^p0^l0^i10468
999    ^aลิขิตลักษณ์
รายการนี้ยังไม่มีแท็ก
คุณยังไม่ได้ล็อกอิน คุณสามารถมีกิจกรรมร่วมกับเว็บไซต์ได้ แต่ต้องล็อกอินก่อน ::
  ล็อกอิน
ลำดับที่ ประเภท เลขเรียก/บาร์โค้ด สถานที่ สถานะ
1. หนังสือภาษาไทย
หนังสือภาษาไทย
HF ส274ท 2540.  
  Barcode: 10467
หนังสือทั่วไป On Shelf
2. หนังสือภาษาไทย
หนังสือภาษาไทย
HF ส274ท 2540. ฉ.2 
  Barcode: 10468
หนังสือทั่วไป On Shelf
   [แสดง 2/2 รายการ]

mysqli: Can't create/write to file '/var/tmp/#sql_59d_0.MAI' (Errcode: 2)
select * from index_db where titl like '%ทฤษฎีองค์การ/ สมยศ  นาวีการ.%' and mid<>'9465'  order by rand() limit 3
mysqli: Can't create/write to file '/var/tmp/#sql_59d_0.MAI' (Errcode: 2)
select * from index_db where subj like '%ทฤษฎีองค์การและการบริหาร: กระบวนการขององค์การ.%' and mid<>'9465'  order by rand() limit 3

BibComment


ยังไม่เคยถูกคอมเมนท์

คอมเมนท์ทรัพยากรรายการนี้
  คอมเมนท์: ทฤษฎีองค์การ สม..
Bib 9465

 
 
 

 Union Library Management : ULibM
Copyright 2026. All Rights Reserved.